| 000 | 01064nam0a22002651 4500 | ||
|---|---|---|---|
| 001 | rc\203494 | ||
| 005 | 20250612170624.0 | ||
| 035 | _a(NLR Aleph) 008742759 | ||
| 090 |
_a9538701 _c9538701 |
||
| 100 | _a20030307d1992 |||y0rusy50 ca | ||
| 101 | 0 | _arus | |
| 102 | _aRU | ||
| 105 | _aa ||||||||| | ||
| 200 | 1 |
_aКорреляционный анализ нелинейных механических систем _eУчеб. пособие по курсу "Конструирование ЛА с учетом случайных факторов" _fО.Н. Тушев. С.В. Аринчев, В.В. Сапронов _gМос. гос. техн. ун-т им. Н.Э. Баумана |
|
| 210 |
_aМ. _cИзд-во МГТУ _d1992 |
||
| 215 |
_a43 с. _cграф. _d21 |
||
| 320 | _aБиблиогр.: с. 39-40 | ||
| 700 | 1 |
_aТушев _bО.Н. _gОлег Николаевич |
|
| 701 | 1 |
_aАринчев _bС.В. |
|
| 701 | 1 |
_aСапронов _bВ.В. |
|
| 801 | 0 |
_aRU _bNLR _gpsbo |
|
| 801 | 1 |
_aRU _bELAR _2rusmarc |
|
| 852 |
_aNLR _j92-4/3067 |
||
| 942 | _cBOOK | ||
| 980 | _aNB | ||